000 00322nam a2200145Ia 4500
008 240112s2006 xx 000 0 und d
022 _a9718222
041 _aeng
082 _a616.3
100 _aMEHTA N.
245 _aGASRTOENTEROLOGY GODAY
260 _bCMP MEDIA
_c2006
300 _a188,HB
_c(3-4)
440 _vX
999 _c1141069
_d1141069